00471nam a2200157Ia 4500008004100000020001800041082001700059100003700076245006400113250000800177260004400185300002300229500001900252600002700271650001500298240925s9999 xx 000 0 und d a9788126549869 a621.3825 GRE aMaral, Gerard ; Bousquet, Michel 0aSatellite onication Sms: systems, Techniques and Technology a5th aNew Delhi:bJohn Wiley and Sonsc,2014. a280p.b0fOriginal aIncludes Index aElectrical Engineering aTechnology